<?xml version="1.0" encoding="UTF-8"?>
<record
    xmlns:xsi="http://www.w3.org/2001/XMLSchema-instance"
    xsi:schemaLocation="http://www.loc.gov/MARC21/slim http://www.loc.gov/standards/marcxml/schema/MARC21slim.xsd"
    xmlns="http://www.loc.gov/MARC21/slim">

  <leader>02109cam a22004215a 4500</leader>
  <controlfield tag="001">ssj0001562361</controlfield>
  <controlfield tag="003">OSt</controlfield>
  <controlfield tag="005">20161024110741.0</controlfield>
  <controlfield tag="008">150305s2015    enka   frb    001 0 eng d</controlfield>
  <datafield tag="020" ind1=" " ind2=" ">
    <subfield code="a">9780470745243</subfield>
  </datafield>
  <datafield tag="020" ind1=" " ind2=" ">
    <subfield code="a">9780470662502 (e-book)</subfield>
  </datafield>
  <datafield tag="040" ind1=" " ind2=" ">
    <subfield code="a">CaPaEBR</subfield>
    <subfield code="b">eng</subfield>
    <subfield code="e">pn</subfield>
    <subfield code="c">CaPaEBR</subfield>
    <subfield code="d">WaSeSS</subfield>
    <subfield code="d">EG-ScBUE</subfield>
  </datafield>
  <datafield tag="082" ind1="0" ind2="4">
    <subfield code="a">332.644</subfield>
    <subfield code="b">HAN</subfield>
    <subfield code="2">22</subfield>
  </datafield>
  <datafield tag="245" ind1="0" ind2="0">
    <subfield code="a">Handbook of multi-commodity markets and products :</subfield>
    <subfield code="b">structuring, trading and risk management /</subfield>
    <subfield code="c">edited by Andrea Roncoroni, Gianluca Fusai, Mark Cummins.</subfield>
  </datafield>
  <datafield tag="260" ind1=" " ind2=" ">
    <subfield code="a">Chichester :</subfield>
    <subfield code="b">John Wiley &amp; Sons Ltd,</subfield>
    <subfield code="c">c. 2015.</subfield>
  </datafield>
  <datafield tag="300" ind1=" " ind2=" ">
    <subfield code="a">xxvii, 1036 p. :</subfield>
    <subfield code="b">ill. (some col.) ;</subfield>
    <subfield code="c">24 cm.</subfield>
  </datafield>
  <datafield tag="490" ind1="0" ind2=" ">
    <subfield code="a">Wiley Finance Series</subfield>
  </datafield>
  <datafield tag="500" ind1=" " ind2=" ">
    <subfield code="a">Includes index.</subfield>
  </datafield>
  <datafield tag="504" ind1=" " ind2=" ">
    <subfield code="a">Includes bibliographical references.
</subfield>
  </datafield>
  <datafield tag="506" ind1=" " ind2=" ">
    <subfield code="a">Available on campus and off campus with authorized login.</subfield>
  </datafield>
  <datafield tag="590" ind1=" " ind2=" ">
    <subfield code="a">shima</subfield>
  </datafield>
  <datafield tag="650" ind1=" " ind2="7">
    <subfield code="a">Commodity exchanges.</subfield>
    <subfield code="2">BUEsh</subfield>
    <subfield code="9">35035</subfield>
  </datafield>
  <datafield tag="651" ind1=" " ind2=" ">
    <subfield code="2">BUEsh</subfield>
  </datafield>
  <datafield tag="653" ind1=" " ind2=" ">
    <subfield code="b">BUSADM</subfield>
    <subfield code="c">October2016</subfield>
  </datafield>
  <datafield tag="700" ind1="1" ind2=" ">
    <subfield code="a">Roncoroni, Andrea,</subfield>
    <subfield code="e">editor.</subfield>
  </datafield>
  <datafield tag="700" ind1="1" ind2=" ">
    <subfield code="a">Fusai, Gianluca,</subfield>
    <subfield code="e">editor.</subfield>
  </datafield>
  <datafield tag="700" ind1="1" ind2=" ">
    <subfield code="a">Cummins, Mark,</subfield>
    <subfield code="d">1968-</subfield>
    <subfield code="e">editor.</subfield>
  </datafield>
  <datafield tag="700" ind1="1" ind2=" ">
    <subfield code="a">Ballotta, Laura.</subfield>
  </datafield>
  <datafield tag="776" ind1="0" ind2="8">
    <subfield code="i">Print version:</subfield>
    <subfield code="t">Handbook of multi-commodity markets and products : structuring, trading and risk management.</subfield>
    <subfield code="d">Chichester, England : Wiley, c2015</subfield>
    <subfield code="h">xxviii, 1036 pages </subfield>
    <subfield code="k">Wiley finance series.</subfield>
    <subfield code="z">9780470745243</subfield>
  </datafield>
  <datafield tag="797" ind1="2" ind2=" ">
    <subfield code="a">ebrary.</subfield>
  </datafield>
  <datafield tag="856" ind1="4" ind2="0">
    <subfield code="a">SOUTHEAST</subfield>
    <subfield code="u">http://BZ6FJ9FL8E.search.serialssolutions.com/?V=1.0&amp;L=BZ6FJ9FL8E&amp;S=JCs&amp;C=TC0001562361&amp;T=marc</subfield>
  </datafield>
  <datafield tag="856" ind1="4" ind2="0">
    <subfield code="a">BLOOMINGTON</subfield>
    <subfield code="u">http://KG6EK7CQ2B.search.serialssolutions.com/?V=1.0&amp;L=KG6EK7CQ2B&amp;S=JCs&amp;C=TC0001562361&amp;T=marc</subfield>
  </datafield>
  <datafield tag="856" ind1="4" ind2="0">
    <subfield code="a">EAST</subfield>
    <subfield code="u">http://MN3KU4AR6Y.search.serialssolutions.com/?V=1.0&amp;L=MN3KU4AR6Y&amp;S=JCs&amp;C=TC0001562361&amp;T=marc</subfield>
  </datafield>
  <datafield tag="856" ind1="4" ind2="0">
    <subfield code="a">IUPUI</subfield>
    <subfield code="u">http://RX8KL6YF4X.search.serialssolutions.com/?V=1.0&amp;L=RX8KL6YF4X&amp;S=JCs&amp;C=TC0001562361&amp;T=marc</subfield>
  </datafield>
  <datafield tag="856" ind1="4" ind2="0">
    <subfield code="a">KOKOMO</subfield>
    <subfield code="u">http://TE6UZ4HK6Z.search.serialssolutions.com/?V=1.0&amp;L=TE6UZ4HK6Z&amp;S=JCs&amp;C=TC0001562361&amp;T=marc</subfield>
  </datafield>
  <datafield tag="856" ind1="4" ind2="0">
    <subfield code="a">COLUMBUS</subfield>
    <subfield code="u">http://RX8KL6YF4X.search.serialssolutions.com/?V=1.0&amp;L=RX8KL6YF4X&amp;S=JCs&amp;C=TC0001562361&amp;T=marc</subfield>
  </datafield>
  <datafield tag="942" ind1=" " ind2=" ">
    <subfield code="2">ddc</subfield>
  </datafield>
  <datafield tag="999" ind1=" " ind2=" ">
    <subfield code="c">22608</subfield>
    <subfield code="d">22580</subfield>
  </datafield>
  <datafield tag="952" ind1=" " ind2=" ">
    <subfield code="0">0</subfield>
    <subfield code="1">0</subfield>
    <subfield code="2">ddc</subfield>
    <subfield code="4">0</subfield>
    <subfield code="7">0</subfield>
    <subfield code="8">Academic</subfield>
    <subfield code="a">MAIN</subfield>
    <subfield code="b">MAIN</subfield>
    <subfield code="c">1ST</subfield>
    <subfield code="d">2016-10-16</subfield>
    <subfield code="e">Purchase</subfield>
    <subfield code="g">1176.00</subfield>
    <subfield code="h">9154</subfield>
    <subfield code="l">0</subfield>
    <subfield code="o">332.644 HAN</subfield>
    <subfield code="p">000034107</subfield>
    <subfield code="r">2025-07-15 00:00:00</subfield>
    <subfield code="v">1470.00</subfield>
    <subfield code="y">BB</subfield>
  </datafield>
  <datafield tag="952" ind1=" " ind2=" ">
    <subfield code="0">0</subfield>
    <subfield code="1">0</subfield>
    <subfield code="2">ddc</subfield>
    <subfield code="4">0</subfield>
    <subfield code="7">0</subfield>
    <subfield code="8">Academic</subfield>
    <subfield code="a">MAIN</subfield>
    <subfield code="b">MAIN</subfield>
    <subfield code="c">1ST</subfield>
    <subfield code="d">2016-10-24</subfield>
    <subfield code="e">Purchase</subfield>
    <subfield code="g">1176.00</subfield>
    <subfield code="h">9129</subfield>
    <subfield code="l">0</subfield>
    <subfield code="o">332.644 HAN</subfield>
    <subfield code="p">000034459</subfield>
    <subfield code="r">2025-07-15 00:00:00</subfield>
    <subfield code="v">1470.00</subfield>
    <subfield code="y">BB</subfield>
  </datafield>
</record>
